| 000 | 00635nam a22002177a 4500 | ||
|---|---|---|---|
| 003 | OSt | ||
| 005 | 20210414083623.0 | ||
| 008 | 210312s1966 ||||| |||| 00| 0 eng d | ||
| 040 |
_aeng _beng _cDLC |
||
| 041 | _aeng | ||
| 080 |
_a2 _bL-83 |
||
| 245 |
_aLiving Gospels / The Paraphrased Gospels and The Book of Acts _c/ by: Tyndale House Publishers |
||
| 250 | _aSpecial edition | ||
| 260 |
_aWheaton, Ill. _bTyndale House Publishers _c1966 |
||
| 300 | _a446 p. | ||
| 365 | _b2.45 usd | ||
| 650 | 0 |
_9262 _aReligion _bHoly Bible |
|
| 653 | _aრელიგია | ||
| 700 |
_91408 _aTaylor, N. Kenneth _eParaphraser |
||
| 942 |
_2udc _cBK |
||
| 999 |
_c2205 _d2205 |
||